=LDR 00000nam 2200000 4500 =001 INLIS000000000006954 =005 20130612095029 =008 ***********************************Ind** =035 ##$$0010-061300000006954 =041 ##$$a Ind =082 ##$$a F Rom D =090 ##$$a F Rom D, Cri p =100 ##$$a Crichton, Michael =245 ##$$a Pengungkapan pelecehan seksual bos wanita terhadap kaum prianya, Michael Crichton =260 ##$$a 1994 $b Jakarta =300 ##$$a 659 hlm, 21 cm =650 ##$$a Fiksi dewasa =850 ##$$a NBPNMAT